000 00798nam a2200241Ia 4500
003 OSt
005 20220923220852.0
006 a|||||r|||| 00| 0
007 ta
008 220922b |||||||| |||| 00| 0 hin d
024 _a191,679
037 _cTextual
040 _aARTS
_cARTS
_bhin
041 _2hin
_ahin
082 _aV2y7M97, 152N8
100 _aगौतम, लक्ष्मणदत्त
245 0 _aलोकशक्ति पुरूष नेताजी
246 _aLokashakti purūṣh netājī
260 _aदिल्ली
_b इन्द्रप्रस्थ प्रकाशन
_c1998
300 _a280पृ.
_ccm.
942 _hV2y7M97, 152N8
_cTEXL
_2CC
999 _c344335
_d344335